| 000 | 00525nam a22001937a 4500 | ||
|---|---|---|---|
| 003 | koha_MIRAKIL | ||
| 005 | 20231213100323.0 | ||
| 008 | 231213b |||||||| |||| 00| 0 ||| d | ||
| 020 | _b978-6-05-100107-4 | ||
| 040 |
_aTR-IsEVY _btur _cTR-IsEVY |
||
| 082 | _aFIC LAF/A | ||
| 100 | _aLa Fontaine, Jean De. | ||
| 245 | 0 | _aAltın yumurtlayan tavuk | |
| 260 |
_bParıltı Yayınları , _c2010 |
||
| 300 | _a16 s. | ||
| 650 | _aChildren's literature -- Tales. | ||
| 650 | _aÇocuk edebiyatı -- Masal. | ||
| 942 |
_2ddc _cBK |
||
| 999 |
_c18081 _d18081 |
||